000 00267nam a22001217a 4500
008 181031b xxu||||| |||| 00| 0 eng d
041 _aeng
080 _a321
100 _a21
101 _aPOL
245 _aThe Disctrict Of Columbia
_cBernard.W
942 _2udc
_cBK
999 _c51351
_d51351